Sri aurobindo's life divine / (Record no. 41538)

MARC details
000 -LEADER
fixed length control field 00698nam a22002057a 4500
005 - DATE AND TIME OF LATEST TRANSACTION
control field 20100813115317.0
010 ## - LCCN (DPL NO)
LC control number ENG-100140
020 ## - INTERNATIONAL STANDARD BOOK NUMBER
International Standard Book Number 9788170589280
Terms of availability 135.00
035 ## - SYSTEM CONTROL NUMBER
System control number EN-83672
037 ## - SOURCE OF ACQUISITION
Source of stock number/acquisition DBAD/PUB
082 ## - DEWEY DECIMAL CLASSIFICATION NUMBER
Classification number 181.499
100 ## - MAIN ENTRY--PERSONAL NAME
Personal name Purani, A. B.
245 ## - TITLE STATEMENT
Title Sri aurobindo's life divine /
Statement of responsibility, etc by A. B. Purani
250 ## - EDITION STATEMENT
Edition statement 2nd ed
260 ## - PUBLICATION, DISTRIBUTION, ETC. (IMPRINT)
Place of publication, distribution, etc Pondicherry
Name of publisher, distributor, etc Sri Aurobindo Ashram Publication Department
Date of publication, distribution, etc 2009
270 ## - ADDRESS
City Pondicherry
300 ## - PHYSICAL DESCRIPTION
Extent 236p.:
Other physical details ill
Dimensions 22cm (pbk)
942 ## - ADDED ENTRY ELEMENTS (KOHA)
Source of classification or shelving scheme Dewey Decimal Classification
Item type English Books
Classification part 181.499
Call number suffix PUR
Holdings
Withdrawn status Lost status Not for loan Collection code Home library Current library Date acquired Source of acquisition Cost, normal purchase price Full call number Barcode Copy number Cost, replacement price Koha item type
    Not For Loan Non-fiction D.B.Act.Division D.B.Act.Division 13/08/2010 DBAD/PUB 135.00 181.499 PUR EN-83672 1 135.00 English Books

© Delhi Public Library
Hit Counter
free hit counter